00344 a2200109 4500001001000000005001700010008004100027245008700068100002100155773004100176999001700217ART_4898220260410161631.0260409a 10aLa "debida diligencia anticorrupción" y su impacto en "fusiones y adquisiciones"1 aPapa, Rodolfo G.0 tEnfoquesg- N°4 (abr. 2019)wREV416 c12464d12464